| 000 | 00573nam a22001817a 4500 | ||
|---|---|---|---|
| 082 |
_a690 _bENG _cL-40, P-53 |
||
| 100 |
_aE-in-C's Br _941118 |
||
| 245 | _aTechnical instruction vol-I buildings | ||
| 260 |
_aRawalpindi _bEngineer-in-chie's branch GHQ. _c2001 |
||
| 300 |
_a179 p. _billus. |
||
| 526 |
_a0 _b0 _c0 _d690_000000000000000_ENG |
||
| 526 |
_a0 _b0 _c0 _d690_000000000000000_ENG |
||
| 526 |
_a0 _b0 _c0 _d690_000000000000000_ENG |
||
| 526 |
_a0 _b0 _c0 _d690_000000000000000_ENG |
||
| 526 |
_a0 _b0 _c0 _d690_000000000000000_ENG |
||
| 650 |
_aMCE _9379 |
||
| 942 |
_2ddc _cBK |
||
| 999 |
_c548712 _d548712 |
||